000
00295nam a2200121Ia 4500
008
210107s9999 xx 000 0 und d
100
_a
Nelkon, Michael
245
0
_a
Advanced level Physics
250
_a
7th
260
_a
New Delhi
_b
CBS Publishers & Distributors
300
_a
927
942
_c
BK
999
_c
11123
_d
11123